Statistics

Wedi'i Gadw mewn:
Manylion Llyfryddiaeth
Prif Awduron: Freedman, David (Awdur), Pisani, Robert (Awdur), Purves, Roger (Awdur)
Fformat: Llyfr
Iaith:Saesneg
Cyhoeddwyd: Nueva York W. W. Norton 1998
Rhifyn:3a. ed
Pynciau:
Tagiau: Ychwanegu Tag
Dim Tagiau, Byddwch y cyntaf i dagio'r cofnod hwn!

MARC

LEADER 00000nam a2200000 a 4500
001 UCK1411
003 CL-VaPUC
008 041112e19980000US |||||||||||||||||eng|d
020 |a 0393970833 
082 0 4 |a 519.5  |b FRE  |2 21 
100 0 |a Freedman, David  |e author  |9 489222 
700 0 |a Pisani, Robert  |e author  |9 489223 
700 0 |a Purves, Roger  |e author  |9 489224 
245 1 0 |a Statistics 
250 |a 3a. ed 
300 |a 578 p 
942 |c BK 
945 |d 20041112 00:00:00  |a cmena 
260 |a Nueva York  |b W. W. Norton  |c 1998 
650 0 |a Estadística   |9 259535 
650 0 |a Estadística matemática  |9 260028 
650 0 |a Teoría de probabilidades   |9 336944 
650 0 |a Modelos matemáticos   |9 259437 
583 |a last modification  |c 20041112 00:00:00  |k Rodrigo Vera 
999 |c 311380  |d 311378 
952 |0 0  |1 0  |4 0  |6 519_500000000000000_FRE_1998  |7 0  |8 A  |9 380761  |a BIBING  |b BIBING  |d 2019-11-21  |i 4078411  |o 519.5 FRE 1998  |p 4078411  |r 2025-01-20  |w 2019-11-21  |y BK  |k EII